00812nam a2200205 a 450000100100000000500170001000800410002702000150006804000130008308200080009610000480010424501430015226000720029530000210036749000370038883000440042504900090046995201130047899900150059100000542220200929151655.0090819s1982 es 001 0 spa d a8400051459 aDO-SdBNP axxx1 aAzaustre Serrano, María del Carmen91539010aCuadernos bibliográficos :bcanciones y romances populares impresos en Barcelona en el siglo XIX /cMaría del Carmen Azaustre Serrano. aMadrid :bConsejo Superior de Investigaciones Científicas,c1982. a420 p. ;c25 cm.1 aCuadernos Bibliográficos ;v45 0aCuadernos Bibliográficos ;n45915391 aBNPD 001054708MOaGRbGRcCTd2009-08-19iLF1l0oxxx p5422-10r2020-06-25w2020-06-25y4ZPréstamo en sala c5222d5222